| 000 | 00632nam a2200229 a 4500 | ||
|---|---|---|---|
| 003 | OSt | ||
| 005 | 20151116185140.0 | ||
| 008 | 020226s2005 esp 000 1 spa d | ||
| 020 | _a84-339-6666-9 | ||
| 040 | _cBMC | ||
| 082 | _a833 | ||
| 100 | 1 |
_aSchlink, Bernhard _937357 |
|
| 245 | 1 | 3 |
_aEl lector _cBernhard Schlink ; traducción, Joan Parra Contreras |
| 250 | _a8ª ed | ||
| 260 |
_aBarcelona _bAnagrama _c2005 |
||
| 300 |
_a203 p. _c19 cm |
||
| 490 | 0 |
_aCompactos Anagrama _v235 |
|
| 595 | _aTraducción de: Der vorleser | ||
| 650 | 2 | 4 |
_929298 _aNovela alemana |
| 700 | 1 |
_937358 _aParra Contreras, Joan |
|
| 942 |
_2ddc _cBK |
||
| 999 |
_c23511 _d23511 |
||